<?xml version="1.0" encoding="UTF-8"?>
<record
    xmlns:xsi="http://www.w3.org/2001/XMLSchema-instance"
    xsi:schemaLocation="http://www.loc.gov/MARC21/slim http://www.loc.gov/standards/marcxml/schema/MARC21slim.xsd"
    xmlns="http://www.loc.gov/MARC21/slim">

  <leader>00541nam a22001577a 4500</leader>
  <controlfield tag="003">OSt</controlfield>
  <controlfield tag="005">20250610163829.0</controlfield>
  <controlfield tag="008">250610b        |||||||| |||| 00| 0 eng d</controlfield>
  <datafield tag="040" ind1=" " ind2=" ">
    <subfield code="c">svyasa</subfield>
  </datafield>
  <datafield tag="100" ind1=" " ind2=" ">
    <subfield code="a">Sreeja shikari</subfield>
    <subfield code="a">Soubhagyalaxmi mohanty</subfield>
    <subfield code="9">804</subfield>
  </datafield>
  <datafield tag="245" ind1=" " ind2=" ">
    <subfield code="a">Comparing the effect of yoga and physical exercise on executive functions in primary school children: A randomized controlled trial.</subfield>
    <subfield code="h">eng.</subfield>
  </datafield>
  <datafield tag="260" ind1=" " ind2=" ">
    <subfield code="a">Bengaluru</subfield>
    <subfield code="b">SVYASA</subfield>
    <subfield code="c">2018</subfield>
  </datafield>
  <datafield tag="300" ind1=" " ind2=" ">
    <subfield code="a">00</subfield>
  </datafield>
  <datafield tag="856" ind1=" " ind2=" ">
    <subfield code="u">https://elibraryofyoga.com/handle/123456789/1919</subfield>
  </datafield>
  <datafield tag="942" ind1=" " ind2=" ">
    <subfield code="2">ddc</subfield>
    <subfield code="c">D</subfield>
    <subfield code="n">0</subfield>
  </datafield>
  <datafield tag="952" ind1=" " ind2=" ">
    <subfield code="0">0</subfield>
    <subfield code="1">0</subfield>
    <subfield code="2">ddc</subfield>
    <subfield code="4">0</subfield>
    <subfield code="7">0</subfield>
    <subfield code="8">DIS</subfield>
    <subfield code="a">SVYASA</subfield>
    <subfield code="b">SVYASA</subfield>
    <subfield code="c">R11.6F</subfield>
    <subfield code="d">2018-07-05</subfield>
    <subfield code="l">0</subfield>
    <subfield code="p">D0735</subfield>
    <subfield code="r">2025-06-10 16:39:29</subfield>
    <subfield code="w">2025-06-10</subfield>
    <subfield code="y">D</subfield>
  </datafield>
  <datafield tag="999" ind1=" " ind2=" ">
    <subfield code="c">20573</subfield>
    <subfield code="d">20573</subfield>
  </datafield>
</record>
